Kosovské perspektívy
Búrlivá minulosť Kosova. Významné štátoprávne zmeny v Juhoslávii po 2. svetovej vojne. Významná udalosť pre Kosovo v roku 1974 - autonómny región so silnou samosprávnou mocou. Zhoršenie politickej situácie a zmeny na začiatku 90. rokov. Srbský útlak v Kosove a odpor proti nemu. Snahy medzinárodného...
Enregistré dans:
| Auteur principal: | |
|---|---|
| Format: | Chapitre de livre |
| Langue: | slovaque |
| Sujets: | |
| Tags: |
Pas de tags, Soyez le premier à ajouter un tag!
|
MARC
| LEADER | 00000naa$a2200000$$$4500 | ||
|---|---|---|---|
| 001 | 0056407 | ||
| 005 | 20240502071635.9 | ||
| 041 | 0 | |a slo | |
| 044 | |a SK | ||
| 245 | 1 | 0 | |a Kosovské perspektívy |c Roman Jurík |
| 520 | |a Búrlivá minulosť Kosova. Významné štátoprávne zmeny v Juhoslávii po 2. svetovej vojne. Významná udalosť pre Kosovo v roku 1974 - autonómny región so silnou samosprávnou mocou. Zhoršenie politickej situácie a zmeny na začiatku 90. rokov. Srbský útlak v Kosove a odpor proti nemu. Snahy medzinárodného spoločenstva o riešenie situácie. Zvláštny režim v Kosove. Otvorený problém nezávislosti Kosova. | ||
| 610 | 2 | 0 | |a vzťahy medzinárodné |
| 610 | 2 | 0 | |a politika medzinárodná |
| 610 | 2 | 0 | |a politika vnútorná |
| 610 | 2 | 0 | |a vojny |
| 610 | 2 | 0 | |a konflikty etnické |
| 610 | 2 | 0 | |a nezávislosť |
| 610 | 2 | 0 | |a štát |
| 610 | 2 | 0 | |a moc politická |
| 610 | 2 | 0 | |a Juhoslávia |
| 100 | 1 | |a Jurík, Roman | |